| 000 | 00956cam a22002771 4500 | ||
|---|---|---|---|
| 001 | gs 48000052 | ||
| 003 | DLC | ||
| 005 | 20260227111353.0 | ||
| 008 | 780317s1948 dcuab b f000 0 eng | ||
| 010 | _ags 48000052 | ||
| 035 | _a(OCoLC)3726986 | ||
| 040 |
_aDLC _cOClU _dOCoLC _dDLC |
||
| 042 | _apremarc | ||
| 050 | 0 | 0 |
_aQE75 _b.P9 no. 213 |
| 051 |
_aTN423.A5 _bP35 _cCopy 2. |
||
| 082 | _a553.41 | ||
| 100 | 1 |
_aPardee, Joseph Thomas, _d1871- |
|
| 245 | 1 | 0 |
_aGold deposits of the southern Piedmont, _cby J. T. Pardee and C. F. Park, Jr. |
| 260 |
_aWashington, _bU.S. Govt. Print. Off., _c1948. |
||
| 300 |
_avii, 156 p. _billus., maps (part fold., in separate portfolio) _c29 cm. |
||
| 410 | 2 | 0 |
_aUnited States. _bGeological Survey. _tProfessional paper _v213 |
| 504 | _aBibliography: p. 3-8. | ||
| 650 | 0 |
_aGeology _zSouthern States. |
|
| 650 | 0 |
_aGold mines and mining _zSouthern States. |
|
| 700 | 1 |
_aPark, Charles Frederick, _d1903- _ejoint author. |
|
| 999 |
_c28251 _d28251 |
||